Non-rubber constituents of ammonia-preserved latex: AN analytical study (Record no. 64018)

MARC details
000 -LEADER
fixed length control field 00349nam a2200121Ia 4500
100 ## - MAIN ENTRY--AUTHOR NAME
Personal name Tunnicliffe M E
245 #0 - TITLE STATEMENT
Title Non-rubber constituents of ammonia-preserved latex: AN analytical study
260 ## - PUBLICATION, DISTRIBUTION, ETC. (IMPRINT)
Name of publisher IRI Transactions
Year of publication 1954
300 ## - PHYSICAL DESCRIPTION
Number of Pages 97-108
650 ## - SUBJECT ADDED ENTRY--TOPICAL TERM
Topical Term Ammonia-preserved latex
942 ## - ADDED ENTRY ELEMENTS (KOHA)
Koha item type Journals
Holdings
Withdrawn status Lost status Damaged status Not for loan Home library Current library Shelving location Date acquired Serial Enumeration / chronology Koha item type
      Journals RRII Library RRII Library Rubber chemistry 17/12/2021 Volume 30, Issue 4 Journals